000 01463namaa22003371i 4500
005 20260303113453.0
008 260115s1997 ua a|||frm||| 000 0 eng d
040 _aEG-GICUC
_beng
_cEG-GICUC
_dEG-GICUC
_erda
041 0 _aeng
_beng
_bara
049 _aDeposit
097 _aM.Sc
099 _aCai01.12.02.M.Sc.1997.Ne.B
100 0 _aNemat Anwar Gomma,
_epreparation.
245 1 0 _aB-glucuronidase enzyme in renal diseases and failure /
_cBy Nemat Anwar Gomma ; Supervised Prof. Dr. Mohamed Helmy Abo-Zaid, Prof. Dr. Victorine Beshara, Prof. Dr. Mohamed Qsaman, Prof. Dr. Mona Salem.
246 1 5 _aأنزيم البيتا جلوكورنيدار فى أمراض الكلى و الفشل الكلوى
264 0 _c1997.
300 _a125 Leaves :
_billustrations ;
_c30 cm. +
336 _2rda content
_atext
337 _2rdamedia
_aUnmediated
338 _2rdacarrier
_avolume
502 _aThesis (M.Sc.)-Cairo University, 1997.
504 _aBibliography: pages 105-125.
653 0 _aB-glucuronidase
_arenal diseases
_aserum
700 0 _aMohamed Helmy Abo-Zaid
_ethesis advisor.
700 0 _aMohamed Qsaman
_ethesis advisor.
700 0 _aMona Salem
_ethesis advisor.
700 0 _aVictorine Beshara
_ethesis advisor.
900 _DDepartment of Biochemistry
_FFaculty of Science
_UCairo University
_b1997
_cMohamed Helmy Abo-Zaid
_cMohamed Qsaman
_cMona Salem
_cVictorine Beshara
905 _aNermeen-A
_eNourhan
942 _2ddc
_cTH
_e21
_n0
999 _c177738